| 000 | 00715nam a2200217 a 4500 | ||
|---|---|---|---|
| 005 | 20240315063724.0 | ||
| 008 | 060802s1982 mx r 000 0 spa d | ||
| 020 | _a9686039198 (obra completa) | ||
| 035 | _aUPN01000145918 | ||
| 049 | _aCG | ||
| 050 | 4 |
_aJL1224 _bA3.2 |
|
| 100 | 1 | _aAguilar Mora, Manuel | |
| 245 | 1 | 3 |
_aEl bonapartismo mexicano / _cManuel Aguilar Mora. |
| 260 |
_aMéxico : _bJuan Pablos, _cc1982. |
||
| 300 | _a2 v. | ||
| 505 | 8 |
_aContenido: _gv.1. _tAscenso y decadencia -- _gv.2. _tCrisis y petróleo |
|
| 651 | 4 |
_aMéxico _xPolítica y gobierno _ySiglo XX _94442 |
|
| 651 | 0 |
_aMéxico _xCondiciones económicas _ySiglo XX _93315 |
|
| 651 | 4 |
_aMéxico _xHistoria _ySiglo XX _94443 |
|
| 905 | _aLibro | ||
| 999 |
_c118064 _d118064 |
||